000
00201 a2200097 4500
001
11193
100
_a
Bertram, C.
245
_a
Third World Conflict
260
_a
_b
Macmillan
_c
090
_c
8746
_d
8746
942
_a
NUST-CAE
_c
M
_c
35540
999
_c
246266
_d
246266